| 000 | 00413nam a2200181Ia 4500 | ||
|---|---|---|---|
| 008 | 160803s9999 xx 000 0 und d | ||
| 020 | _a0 439689015 | ||
| 100 | _aHay, Seek | ||
| 245 | _aAlmost famous / | ||
| 245 | _cSeek Hay. | ||
| 260 | _aNew York : | ||
| 260 | _bScholastic Inc. | ||
| 260 | _c2004 | ||
| 300 | _a32 pages : | ||
| 300 | _bcolor illustrations ; | ||
| 300 | _c20 cm. | ||
| 700 | _a540 | ||
| 999 |
_c299427 _d299427 |
||